Essential of investments in the philippine capital market workbook (Record no. 7611)
[ view plain ]
| 000 -LEADER | |
|---|---|
| fixed length control field | 00690nam a22001937a 4500 |
| 003 - CONTROL NUMBER IDENTIFIER | |
| control field | OSt |
| 005 - DATE AND TIME OF LATEST TRANSACTION | |
| control field | 20260121004206.0 |
| 008 - FIXED-LENGTH DATA ELEMENTS--GENERAL INFORMATION | |
| fixed length control field | 260121b |||||||| |||| 00| 0 eng d |
| 020 ## - INTERNATIONAL STANDARD BOOK NUMBER | |
| International Standard Book Number | 971-92221-7-4 |
| 040 ## - CATALOGING SOURCE | |
| Original cataloging agency | DWC-Main lib |
| Transcribing agency | OC |
| 082 ## - DEWEY DECIMAL CLASSIFICATION NUMBER | |
| Classification number | Fil. 332.601 Es74 2005 |
| 100 ## - MAIN ENTRY--PERSONAL NAME | |
| Personal name | Nograles, R. |
| 245 ## - TITLE STATEMENT | |
| Title | Essential of investments in the philippine capital market workbook |
| Statement of responsibility, etc. | Nograles, Reynaldo R. |
| 260 ## - PUBLICATION, DISTRIBUTION, ETC. | |
| Place of publication, distribution, etc. | Las PiƱas City : |
| Name of publisher, distributor, etc. | Southville International School and Colleges, |
| Date of publication, distribution, etc. | c2005 |
| 300 ## - PHYSICAL DESCRIPTION | |
| Extent | 174 pages ; |
| Dimensions | 28 cm. |
| 650 ## - SUBJECT ADDED ENTRY--TOPICAL TERM | |
| Source of heading or term | Investments-Workbook. |
| 700 ## - ADDED ENTRY--PERSONAL NAME | |
| Personal name | Santos, Rhoderick R. |
| 942 ## - ADDED ENTRY ELEMENTS (KOHA) | |
| Source of classification or shelving scheme | Dewey Decimal Classification |
| Koha item type | Book-Filipiniana |
| Classification part | Fil. 332.601 Es74 2005 |
| Call number prefix | Fil. |
| Suppress in OPAC | No |
| 952 ## - LOCATION AND ITEM INFORMATION (KOHA) | |
| -- | |
| 952 ## - LOCATION AND ITEM INFORMATION (KOHA) | |
| -- | |
| Withdrawn status | Lost status | Source of classification or shelving scheme | Damaged status | Not for loan | Home library | Current library | Shelving location | Date acquired | Source of acquisition | Total Checkouts | Full call number | Barcode | Date last seen | Copy number | Price effective from | Koha item type | Uniform Resource Identifier |
|---|---|---|---|---|---|---|---|---|---|---|---|---|---|---|---|---|---|
| Dewey Decimal Classification | College Library | College Library | Filipiniana | 07/18/2005 | School Fund | Fil. 332.601 Es74 2005 | CL42101 | 01/21/2026 | c1 | 01/21/2026 | BK - FIL | ||||||
| Dewey Decimal Classification | College Library | College Library | Filipiniana | 07/18/2005 | School Fund | Fil. 332.601 Es74 2005 | CL42102 | 01/21/2026 | c2 | 01/21/2026 | BK - FIL |